000
00406nam a2200169Ia 4500
008
090711s9999 xx 000 0 und d
082
_b
59017
100
_a
बागवे अशोक
245
_a
आलम
260
_c
1983
300
_a
81
600
_a
बागवे अशोक
630
_a
आलम
700
_a
बागवे अशोक
730
_a
आलम
942
_c
BOOK
999
_c
291264
_d
291264